Sostenibilidad de intermediarias financieras rurales /
Guardat en:
| Autor principal: | |
|---|---|
| Autor corporatiu: | |
| Altres autors: | , , |
| Format: | Desconegut |
| Publicat: |
San José:
IFAIN. CDR-ULA
|
| Etiquetes: |
Afegir etiqueta
Sense etiquetes, Sigues el primer a etiquetar aquest registre!
|
MARC
| LEADER | 00000 a2200000 04500 | ||
|---|---|---|---|
| 001 | 12171 | ||
| 003 | |||
| 008 | 991231s d | ||
| 040 | |||
| 090 | |a 142201 | ||
| 100 | |a Izquierdo, Eduardo | ||
| 110 | |a Instituto Latinoamericano de Fomento Industrial | ||
| 245 | |a Sostenibilidad de intermediarias financieras rurales / |c Eduardo Izquierdo | ||
| 260 | |a San José: |b IFAIN. CDR-ULA | ||
| 300 | |a x, 235 p. | ||
| 700 | |a | ||
| 700 | |a Clements, Harry | ||
| 700 | |a | ||
| 700 | |a Nusselder, Hans | ||
| 700 | |a | ||
| 700 | |a Chaves, Ramón Luis | ||
| 700 | |a | ||
| 999 | |c 12853 |d 12853 | ||
